000 01220njm a22002657a 4500
005 20100908112946.0
007 sd ammalaaahaa
008 100907t xxu||||| |||| 00| 0 eng d
028 _aN. 54669
_bHis Master's Voice
035 _aGR-01383
040 _aSED/VEN
100 _aMangeskar, Lata
_918700
245 _aApril Fool part-1 /
_cby Lata Mangeskar ; music by Shankar Jaikishan ; lyrics by Hasrat Jaipuri
246 _aअप्रैल फूल (लता मंगेशकर)
260 _aDam Dam, India
_bHis Mater's Voice
300 _a1 Sound Disc [Gramophone Record] :
_banalog.33 1/33 rpm
_c10 in (LP)
_fGramophone Record
500 _aBrief Record
505 _aSide 1-, Mera naam rita cristina (मेरा नाम रीता क्रिस्टीना) (लता मंगेशकर) Side 2-- April fool banaya (अप्रैल फूल बनाया ) (मोहद रफ़ी)
650 _aClassical Music
_xExcerpts
_zIndia
_918707
700 _918701
_aShankar, Jaikishan
700 _aJaipuri, Hasrat
_918729
700 _918702
942 _2ddc
_cGR
999 _c44395
_d44395